Studying and Conserving Paintings : Occasional Papers on the Samuel H. Kress collection

Gespeichert in:
Bibliographische Detailangaben
Format: Buch
Sprache:Englisch
Veröffentlicht: London Archetype 2006
Ausgabe:1st ed.
Schlagworte:
Online-Zugang:Im OPAC anzeigen
Tags: Tag hinzufügen
Keine Tags, Fügen Sie das erste Tag hinzu!

MARC

LEADER 00000nam a2200000 a 4500
005 20260127134227.0
008 081215 2008 an 000 0 eng d
020 |a 1904982069 
035 |a vtls009455282 
039 9 |a 200812151125  |b mschk03  |y 200812151123  |z mschk03 
040 |a STUSCHK1  |b slo  |c STUSCHK1  |e AACR2 
080 |a 75.025.3(082) 
245 1 |a Studying and Conserving Paintings :  |b Occasional Papers on the Samuel H. Kress collection 
250 |a 1st ed. 
260 |a London  |b Archetype  |c 2006 
300 |a vii, 230 p.  |b ill.  |c 29 cm 
500 |a Obsahuje bibliografiu a register 
650 0 |a konzervovanie 
650 0 |a maliarstvo 
650 0 |a zborníky 
910 |a SCHK95 
919 |a 10904982-06-9 
999 |c 7226  |d 7226